Turkey : Financial System Stability Assessment.

This report discusses the findings and recommendations made in the Financial Sector Assessment Program for Turkey in the area of financial system stability. The assessment identified some important priorities for further improvement in the policy framework and in implementation. Steps are recommende...

Fuld beskrivelse

Bibliografiske detaljer
Institution som forfatter: International Monetary Fund. Monetary and Capital Markets Department
Format: Tidsskrift
Sprog:English
Udgivet: Washington, D.C. : International Monetary Fund, 2017.
Serier:IMF Staff Country Reports; Country Report ; No. 2017/035
Online adgang:Full text available on IMF
LEADER 01787cas a2200241 a 4500
001 AALejournalIMF017403
008 230101c9999 xx r poo 0 0eng d
020 |c 5.00 USD 
020 |z 9781475574401 
022 |a 1934-7685 
040 |a BD-DhAAL  |c BD-DhAAL 
110 2 |a International Monetary Fund.  |b Monetary and Capital Markets Department. 
245 1 0 |a Turkey :   |b Financial System Stability Assessment. 
264 1 |a Washington, D.C. :  |b International Monetary Fund,  |c 2017. 
300 |a 1 online resource (109 pages) 
490 1 |a IMF Staff Country Reports 
500 |a <strong>Off-Campus Access:</strong> No User ID or Password Required 
500 |a <strong>On-Campus Access:</strong> No User ID or Password Required 
506 |a Electronic access restricted to authorized BRAC University faculty, staff and students 
520 3 |a This report discusses the findings and recommendations made in the Financial Sector Assessment Program for Turkey in the area of financial system stability. The assessment identified some important priorities for further improvement in the policy framework and in implementation. Steps are recommended to raise the effectiveness of financial supervision, enhance governance arrangements, strengthen systemic risk identification and the coordination of macroprudential policies, lower systemic liquidity risks, and address current gaps in crisis management arrangements. A stronger role for the Financial Stability Committee would support more coordinated and effective systemic risk oversight and management. 
538 |a Mode of access: Internet 
830 0 |a IMF Staff Country Reports; Country Report ;  |v No. 2017/035 
856 4 0 |z Full text available on IMF  |u http://elibrary.imf.org/view/journals/002/2017/035/002.2017.issue-035-en.xml  |z IMF e-Library